000 00310nam a2200097Ia 4500
082 _a303.6250882971 BENJ
245 0 _aThe age of sacred terror : radical Islam's war against America
100 _a BENJAMIN, Daniel New York, 2003
_996569
942 _cBK
008 210817s9999 xx 000 0 und d
999 _c406219
_d406218